| 000 | 00792nam a2200253 a 4500 | ||
|---|---|---|---|
| 001 | 3908861 | ||
| 008 | 931123s1992 txuab b 001 0 eng | ||
| 010 | _a 91071490 | ||
| 020 | _a0155831739 | ||
| 040 |
_aDLC _cCUZ _beng _dCUZ _erda |
||
| 050 | 0 | 0 |
_aPN4121 _bSPR |
| 100 | 1 |
_aSprague, Jo, _d1943- |
|
| 245 | 1 | 4 |
_aThe speaker's handbook / _cJo Sprague, Douglas Stuart. |
| 250 | _a3rd ed. | ||
| 264 |
_aFort Worth : _bHarcourt Brace Jovanovich, _cc1992. |
||
| 300 |
_axx, 399 pages. : _billustrations., map ; _c22 cm. |
||
| 336 |
_atext _btxt |
||
| 337 |
_aunmediated _bn |
||
| 338 | _2rdacarrier | ||
| 650 | 0 | _aPublic speaking. | |
| 942 | _cOS | ||
| 999 |
_c44858 _d44858 |
||